The Fate of Ophelia - Taylor Swift Lyrics - Statistics

General Stats
  • This quiz has been taken 87 times
  • The average score is 340 of 415
Answer Stats
Answer % Correct
the
100%
a
98%
I
98%
you
98%
all
97%
on
97%
me
95%
my
95%
of
95%
Ophelia
95%
see
95%
alone
94%
fate
94%
it
94%
megaphone
94%
to
94%
your
94%
and
92%
in
92%
no
92%
heard
89%
sky
89%
calling
87%
from
87%
can
85%
now
85%
sea
85%
that
85%
be
84%
saved
84%
where
84%
heart
82%
if
82%
land
82%
night
82%
time
82%
tower
82%
were
82%
for
81%
myself
81%
one
81%
out
81%
powers
81%
team
81%
just
79%
wanna
79%
grave
77%
hands
77%
keep
77%
never
77%
been
76%
pledge
76%
vibes
76%
100
74%
late
74%
sat
74%
you're
74%
as
73%
'cause
73%
'cause
73%
eldest
73%
fantasy
73%
hell
73%
loyalty
73%
quite
73%
care
71%
daughter
71%
don't
71%
has
71%
honing
71%
up
71%
you've
71%
legend
69%
mine
69%
right
69%
swore
69%
watch
69%
allegiance
68%
before
68%
it's
68%
lived
68%
match
68%
pyro
68%
are
66%
dreaming
66%
melancholy
66%
nobleman
66%
you'd
66%
dug
65%
lit
65%
blow
63%
come
63%
'bout
61%
drowned
61%
sleepless
61%
but
60%
light
60%
was
60%
love
56%
might've
56%
her
55%
only
55%
around
53%
because
53%
came
53%
key
53%
possess
53%
purgatory
53%
chain
52%
inside
52%
locked
52%
memory
52%
scorpions
52%
cold
50%
crown
50%
full
50%
like
50%
stole
50%
bed
48%
drowning
48%
fire
48%
sanity
48%
wrap
48%
into
47%
vine
47%
pulling
45%
longer
44%
lingered
42%
deceived
32%
'tis
29%
vemon
2%
No matching quizzes found
Score Distribution
Percent of People with Each Score
Percentile by Number Answered
Your Score History
You have not taken this quiz